000 00313nam a2200133Ia 4500
005 20251222155210.0
008 251222s9999||||xx |||||||||||||| ||spa||
082 _aMEQ. 66
100 _aIntercom.
245 0 _aVademecum Indice de Espec. Farmaceuticas
250 _a1ra. ed.
264 _bLerwer
942 _cLIB
999 _c40261
_d40261